banner-ar

اطلس بلدان العالم / (Record no. 60246)

MARC details
000 -الفاتح
حقل البيانات ثابتة الطول 00674nam a22002177a 4500
005 - وقت وتاريخ اخر تعامل مع التسجيلة
رقم الضبط 20240530110400.0
008 - عناصر البيانات ثابتة الطول - معلومات عامة
حقل البيانات ثابتة الطول 150119s2010 le b g r 000 0 ara d
020 ## - الرقم الدولى المعيارى للكتب
الرقم الدولى المعيارى للكتاب 978995328
040 ## - مصدر الفهرسة
وكالة الفهرسة الأصلية EG-CaGPL
041 0# - رمز اللغة
رمز لغة النص/ المسارات الصوتية أو العنوان الانفرادي ara
082 04 - رقم تصنيف ديوى العشرى
رقم الطبعة 21
رقم التصنيف 912
رقم المادة ط/ع أ
110 0# - المدخل الرئيسى - إسم هيئة
رمز الرابط عويدات للنشر و الطباعة
245 10 - بيان العنوان
العنوان اطلس بلدان العالم /
250 ## - بيان الطبعة
بيان الطبعة ط 1
260 ## - PUBLICATION, DISTRIBUTION, ETC. (IMPRINT)
تاريخ النشر أو التوزيع 2010
300 ## - الوصف المادى
التعداد 303 ص :
تفاصيل ماديه اخرى للوعاء خرائط ؛
أبعاد الوعاء 28 سم
651 04 - المدخل الاضافى بالموضوع - اسم جغرافى
الاسم الجغرافي العالم
التقسيم الفرعي الشكلي الاطالس
651 04 - المدخل الاضافى بالموضوع - اسم جغرافى
الاسم الجغرافي العالم
التقسيم الفرعي الشكلي خرائط
942 ## - عناصر المدخل الإضافي( كوها)
مصدر التصنيف او مخطط الترفيف Dewey Decimal Classification
Koha [default] item type كتاب
260 ## - PUBLICATION, DISTRIBUTION, ETC. (IMPRINT)
-- بيروت :
-- دار عويدات للنشر و الطباعة ،
Holdings
حالة التراجع حالة الفقد حالة تلف ليس للاعارة المكان المؤقت الموقع الحالى تاريخ الاكتساب اجمالي اﻻعارات رقم الطلب الباركود تاريخ اخر مشاهدة تاريخ تفعيل السعر نوع وعاء كوها
        مكتبة القاهرة الكبرى مكتبة القاهرة الكبرى 01/19/2015   912 ط/ع أ 159253 01/19/2015 01/19/2015 كتاب

Powered By

EGPV